Ten minutes from normal / (Record no. 368490)
[ view plain ]
| 000 -LEADER | |
|---|---|
| fixed length control field | 00815nam a22002297a 4500 |
| 003 - CONTROL NUMBER IDENTIFIER | |
| control field | 0 |
| 005 - DATE AND TIME OF LATEST TRANSACTION | |
| control field | 20251107124453.0 |
| 008 - FIXED-LENGTH DATA ELEMENTS--GENERAL INFORMATION | |
| fixed length control field | 251107b xxu||||| |||| 00| 0 eng d |
| 020 ## - INTERNATIONAL STANDARD BOOK NUMBER | |
| International Standard Book Number | 0-14-303497-9 |
| 050 ## - LIBRARY OF CONGRESS CALL NUMBER | |
| Classification number | E 840.8.H835A3 |
| Item number | .H84 2005 |
| 100 ## - MAIN ENTRY--PERSONAL NAME | |
| Personal name | Hughes, Karen, |
| Relator term | author. |
| 245 ## - TITLE STATEMENT | |
| Title | Ten minutes from normal / |
| Statement of responsibility, etc | Karen Hughes. |
| 260 ## - PUBLICATION, DISTRIBUTION, ETC. (IMPRINT) | |
| Place of publication, distribution, etc | New York, NY : |
| Name of publisher, distributor, etc | Penguin Group, |
| Date of publication, distribution, etc | 2005. |
| 300 ## - PHYSICAL DESCRIPTION | |
| Extent | xvii, 346 pages : |
| Other physical details | illustrations ; |
| Dimensions | 21 cm. |
| 600 ## - SUBJECT ADDED ENTRY--PERSONAL NAME | |
| Personal name | Hughes, Karen. |
| 600 ## - SUBJECT ADDED ENTRY--PERSONAL NAME | |
| Personal name | Bush, George W. (George Walker) |
| Dates associated with a name | 1946 |
| Title of a work | Friends and associates. |
| 650 ## - SUBJECT ADDED ENTRY--TOPICAL TERM | |
| Topical term or geographic name as entry element | Presidents |
| Geographic subdivision | United States |
| General subdivision | Staff |
| Form subdivision | Biography. |
| 650 ## - SUBJECT ADDED ENTRY--TOPICAL TERM | |
| Topical term or geographic name as entry element | Women lawyers |
| Geographic subdivision | United States |
| General subdivision | Biography. |
| 650 ## - SUBJECT ADDED ENTRY--TOPICAL TERM | |
| Topical term or geographic name as entry element | Political consultants |
| Geographic subdivision | United States |
| General subdivision | Biography. |
| 650 ## - SUBJECT ADDED ENTRY--TOPICAL TERM | |
| Topical term or geographic name as entry element | United States |
| General subdivision | Politics and government |
| Chronological subdivision | 2001-. |
| 942 ## - ADDED ENTRY ELEMENTS (KOHA) | |
| Source of classification or shelving scheme | Library of Congress Classification |
| Koha item type | Books |
| Withdrawn status | Lost status | Source of classification or shelving scheme | Damaged status | Home library | Current library | Shelving location | Date acquired | Source of acquisition | Sub Shelving location | Total Checkouts | Full call number | Barcode | Date last seen | Price effective from | Koha item type |
|---|---|---|---|---|---|---|---|---|---|---|---|---|---|---|---|
| Library of Congress Classification | College Library | College Library | General Circulation Section | 08/01/2024 | Donation | E 840.8.H835A3 .H84 2005 | C25571 | 11/07/2025 | 11/07/2025 | Books |